000 00652cam6a220021700 4500
001 lce00244943
008 770531s1977 nyu 001 0 eng
010 _a 77009902
020 _a0811206432
035 _a(Sirsi) r10572
035 _a(DLC) 77009902
035 _a(UPRA)lce00244943
050 0 _aPS3525.E7174
_bA17 1977
082 _a811/.5/4
100 1 _aMerton, Thomas, 1915-1968.
_dMerton, Thomas, 1915-1968.
_6A37961.1
245 1 4 _aThe collected poems of Thomas Merton.
260 _aNew York :
_bNew Directions,
_c1977.
500 _aIncludes indexes.
949 _aPS3525.E7174
_wlcc
_i-2335
_mMAIN
_tBOOK
_lON-SHELF
004 10572
999 _c138673
_d138673